Score 0/30 Timer 04:00
0 Plays Today
Actor/Actress Missing Word % Correct
Saoirse RonanHotel
95.3%
Liam NeesonList
93.7%
Maureen O'HaraStreet
93.1%
Pierce BrosnanMamma
89.6%
Kenneth BranaghWest
89.3%
Maureen O'HaraHunchback
88.8%
Kenneth BranaghNothing
88.2%
Colin FarrellRecall
84.8%
Pierce BrosnanCrown
82.2%
Maureen O'HaraBlack
81.4%
Saoirse RonanLovely
80.9%
Colin FarrellMinority
79.4%
Liam NeesonKin
78.5%
Pierce BrosnanTomorrow
77.1%
Liam NeesonRob
74.8%
Actor/Actress Missing Word % Correct
Colin FarrellPhone
74.5%
Liam NeesonBatman
70.5%
Colin FarrellSaving
70.2%
Maureen O'HaraGreen
67.2%
Maureen O'HaraSailor
67.1%
Pierce BrosnanPeak
66.5%
Liam NeesonMichael
63.9%
Kenneth BranaghHenry
61.9%
Colin FarrellBruges
55.9%
Kenneth BranaghMarilyn
53.9%
Pierce BrosnanGhost
42.9%
Saoirse RonanBack
42.9%
Saoirse RonanCity
32.6%
Kenneth BranaghRadio
20.1%
Saoirse RonanRiver
7.8%

Today's Daily Dose

Remove Ads.
Support Sporcle.
Get the best of Sporcle when you Go Orange. This ad-free experience offers more features, more stats, and more fun while also helping to support Sporcle. Thank you for becoming a member.

You're not logged in!

Compare scores with friends on all Sporcle quizzes.
OR
Log In

Show Comments

Extras

Top Quizzes Today


Score Distribution

Your Account Isn't Verified!

In order to create a playlist on Sporcle, you need to verify the email address you used during registration. Go to your Sporcle Settings to finish the process.

Report this User

Report this user for behavior that violates our Community Guidelines.

Details: